Famous People from Post-Soviet States by Picture - Statistics

General Stats
  • This quiz has been taken 104 times
  • The average score is 4 of 16
Answer Stats
Picture Hint Answer % Correct
Saint Petersburg Vladimir Putin
99%
Kryvyi Rih Volodymyr Zelenskyy
82%
Nyagan Maria Sharapova
41%
Moscow Lev Yashin
38%
Saratov Roman Abramovich
34%
Baku Ilham Aliyev
23%
Tbilisi Khvicha Kvaratskhelia
23%
Riga Mikhail Tal
16%
Volgograd Yelena Isinbayeva
16%
Kaunas Arvydas Sabonis
15%
Simferopol Oleksandr Usyk
15%
Kyiv Oleg Blokhin
13%
Minsk Victoria Azarenka
10%
Izhevsk Andrei Kirilenko
9%
Odessa Isaac Babel
5%
Osh Jamala
5%
No matching quizzes found
Score Distribution
Percent of People with Each Score
Percentile by Number Answered
Your Score History
You have not taken this quiz